000 00915nam a2200229Ia 4500
999 _c37742
_d37742
001 3717
003 GE_BSU
005 20220623113449.0
008 181216s2011||||ge |||||||||||||| ||geo||
020 _a9789941910395
040 _cGE_BSU
041 _ageo
080 _a821.133.1-92+81:1+81:398 ბ–27
100 _aბარტი, როლან
_93064
245 _aმითოლოგიები /
_cროლან ბარტი; ფრანგ. თარგმნა ნატალია მთივლიშვილმა.
264 _aთბილისი :
_bაგორა,
_c2011.
300 _a240 გვ. ;
_b20 სმ.
653 _aენათმეცნიერება
653 _aფილოსოფიური საკითხები
700 _aმთივლიშვილი, ნატალია
_eმთარგმნელი
_93065
942 _cBK
_2udc